Ganadores de la Bota de Oro - Estadísticas

Estadísticas generales
  • Esta prueba ha sido intentada 280 veces
  • La puntuación promedio es 26 de 59
Estadísticas de respuestas
Edición País Equipo Goles Puntos Respuesta % Correcto
2007-08 Portugal Manchester United FC 31 62 Cristiano Ronaldo
99%
2010-11 Portugal Real Madrid CF 41 82 Cristiano Ronaldo
99%
2013-14 Portugal Real Madrid CF 31 62 Cristiano Ronaldo
99%
2014-15 Portugal Real Madrid CF 48 96 Cristiano Ronaldo
99%
2009-10 Argentina FC Barcelona 34 68 Lionel Messi
99%
2011-12 Argentina FC Barcelona 50 100 Lionel Messi
99%
2012-13 Argentina FC Barcelona 46 92 LIonel Messi
99%
2016-17 Argentina FC Barcelona 37 74 Lionel Messi
99%
2017-18 Argentina FC Barcelona 34 68 Lionel Messi
99%
2018-19 Argentina FC Barcelona 36 72 Lionel Messi
99%
Uruguay Liverpool FC Luis Suárez
97%
2015-16 Uruguay FC Barcelona 40 80 Luis Suárez
97%
2022-23 Noruega Manchester City FC 36 72 Erling Haaland
93%
2020-21 Polonia FC Bayern de Múnich 41 82 Robert Lewandowski
92%
2021-22 Polonia FC Bayern de Múnich 35 70 Robert Lewandowski
92%
1996-97 Brasil FC Barcelona 34 68 Ronaldo
89%
2004-05 Uruguay Villarreal CF Diego Forlán
88%
2008-09 Uruguay Atlético de Madrid 32 64 Diego Forlán
88%
2003-04 Francia Arsenal FC 30 60 Thierry Henry
87%
2004-05 Francia Arsenal FC 25 50 Thierry Henry
87%
2019-20 Italia SS Lazio 36 72 Ciro Immobile
74%
2006-07 Italia AS Roma 26 52 Francesco Totti
73%
1967-68 Portugal SL Benfica 42 Eusébio
70%
1972-73 Portugal SL Benfica 40 Eusebio
70%
1969-70 Alemania FC Bayern de Múnich 38 Gerd Müller
66%
1971-72 Alemania FC Bayern 40 Gerd Müller
66%
1985-86 Países Bajos FC Ajax 37 Marco van Basten
52%
1989-90 México Real Madrid CF 38 Hugo Sánchez
50%
2000-01 Suecia Celtic FC 35 52.5 Henrik Larsson
34%
2002-03 Países Bajos Deportivo de La Coruña 29 58 Roy Makaay
27%
1983-84 Gales Liverpool FC 32 Ian Rush
26%
2005-06 Italia ACF Fiorentina 31 62 Luca Toni
22%
1989-90 Bulgaria FC Barcelona 38 Hristo Stoickov
18%
1998-99 Brasil FC Porto 36 54 Mário Jardel
7%
2001-02 Brasil Sporting CP 42 63 Mário Jardel
7%
1977-78 Austria FK Rapid Viena 41 Hansi Krankl
3%
1982-83 Portugal FC Porto 36 Fernando Gomes
1%
1984-85 Portugal FC Porto 39 Fernando Gomes
1%
1991-92 Escocia Rangers FC 34 Ally McCoist
0%
1992-93 Escocia Rangers FC 34 Ally McCoist
0%
1994-95 Armenia FC Pyunik 39 Arsen Avitisyan
0%
1990-91 Macedonia del Norte Estrella Roja de Belgrado 34 Darko Pancev
0%
1993-94 Gales Porthmadog FC 43 David Taylor
0%
1988-89 Rumanía Dinamo de Bucarest 43 Dorin Mateut
0%
1974-75 Rumanía Dinamo de Bucarest 33 Dudu Georgescu
0%
1976-77 Rumanía Dinamo de Bucarest 47 Dudu Georgescu
0%
1979-80 Bélgica Lierse SK 39 Edwin Vandenbergh
0%
1980-81 Bulgaria Botev Plovdic 31 Georgi Slavkov
0%
1973-74 Argentina Sporting CP 46 Héctor Yazalde
0%
1970-71 Yugoslavia Olympique de Marsella 44 Josip Skoblar
0%
1978-79 Países Bajos AZ Alkmaar 34 Kees Kist
0%
1999-00 Inglaterra Sunderland AFC 30 60 Kevin Phillips
0%
1997-98 Grecia SBV Vitesse 34 68 Nikos Machlas
0%
1968-69 Bulgaria CSKA Sofía 36 Petar Zhekov
0%
1975-76 Chipre Omonia de Nicosia 39 Sotiris Kaiafas
0%
1987-88 Turquía Galatasaray SK 39 Tanju Çolak
0%
1986-87 Austria FK Austria Viena 39 Toni Polster
0%
1981-82 Países Bajos AFC Ajax 32 Wim Kieft
0%
1995-96 Georgia Margveti Zestafoni 40 Zviad Endeladze
0%
No se encontraron pruebas coincidentes
Distribución de puntuación
Porcentaje de gente con cada puntuación
Porcentaje por número respondido
Historial de tus puntuaciones
No has intentado esta prueba.